<?xml version="1.0" encoding="UTF-8"?>
<record
    xmlns:xsi="http://www.w3.org/2001/XMLSchema-instance"
    xsi:schemaLocation="http://www.loc.gov/MARC21/slim http://www.loc.gov/standards/marcxml/schema/MARC21slim.xsd"
    xmlns="http://www.loc.gov/MARC21/slim">

  <leader>00345nam a2200133   4500</leader>
  <controlfield tag="001">13958</controlfield>
  <controlfield tag="005">20251204113030.0</controlfield>
  <datafield tag="010" ind1=" " ind2=" ">
    <subfield code="a">9782021616828</subfield>
  </datafield>
  <datafield tag="090" ind1=" " ind2=" ">
    <subfield code="a">13958</subfield>
  </datafield>
  <datafield tag="099" ind1=" " ind2=" ">
    <subfield code="o">0</subfield>
  </datafield>
  <datafield tag="100" ind1=" " ind2=" ">
    <subfield code="a">20251204d        u||y0frey50      ba</subfield>
  </datafield>
  <datafield tag="200" ind1=" " ind2=" ">
    <subfield code="a">Sur cette terre, il y a ce qui m&#xE9;rite la vie</subfield>
    <subfield code="b">LIVR</subfield>
    <subfield code="e">17 &#xE9;crivains pour la Palestine</subfield>
  </datafield>
  <datafield tag="214" ind1=" " ind2=" ">
    <subfield code="c">Seuil</subfield>
  </datafield>
  <datafield tag="700" ind1=" " ind2=" ">
    <subfield code="a">Collectif</subfield>
  </datafield>
  <datafield tag="995" ind1=" " ind2=" ">
    <subfield code="2">0</subfield>
    <subfield code="5">2025-12-04</subfield>
    <subfield code="9">13851</subfield>
    <subfield code="c">JOL</subfield>
    <subfield code="f">JOL-007659</subfield>
    <subfield code="k">LITT COLL</subfield>
    <subfield code="o">0</subfield>
    <subfield code="b">JOL</subfield>
    <subfield code="r">LIVR</subfield>
  </datafield>
</record>
